000 00679nam a2200253Ia 4500
003 OSt
005 20220925220626.0
006 a|||||r|||| 00| 0
007 ta
008 220923b |||||||| |||| 00| 0 eng d
037 _cGeneral Book
040 _aRTL
_cRTL
_beng
041 _2eng
_aeng
082 _aY:48, L7
100 _aBinns David
_9137736
245 0 _aBeyond the sociology of conflict
260 _aLondon
_bMacmillan
_c1977
300 _avii, 257p
_ccm.
490 _aCritical Social Studies
500 _aBibliography p 237-50
650 _aSocial Conflict
942 _hY:48, L7
_cGB
_2CC
999 _c571939
_d571939